| 000 | 00652nam a2200229Ia 4500 | ||
|---|---|---|---|
| 003 | OSt | ||
| 005 | 20221006164826.0 | ||
| 006 | a|||||r|||| 00| 0 | ||
| 007 | ta | ||
| 008 | 221006b |||||||| |||| 00| 0 hin d | ||
| 024 | _a5,996 | ||
| 037 | _cTextual | ||
| 040 |
_aFML _cFML _bhin |
||
| 041 |
_2hin _ahin |
||
| 082 | _aND44,92, 15J7.2 | ||
| 100 |
_aShukla Dwijendranath Au. _9678426 |
||
| 245 | 0 |
_aBharatiya Vastushastra _b Pratibha Lakshan |
|
| 260 |
_aDelhi _bMunshiram Manoharlal India _c1957 |
||
| 300 |
_a293 _ccm. |
||
| 942 |
_hND44,92, 15J7.2 _cTEXL _2CC |
||
| 999 |
_c1118617 _d1118617 |
||